[Event "Havana Gilberto Garcia Memorial-C"]
[Site "Havana"]
[Date "2024.03.02"]
[Round "6"]
[White "Alvarez Alburquerque, Leandro"]
[Black "Espinosa Forti, Edrwis Athuan"]
[Result "0-1"]
[WhiteElo "1855"]
[BlackElo "2132"]
[PlyCount "108"]
[EventDate "2024.02.24"]
[EventType "tourn"]
[EventRounds "9"]
[EventCountry "CUB"]
[SourceTitle "CB13_2024"]
[SourceDate "2024.03.27"]
[SourceVersion "1"]
[SourceVersionDate "2024.03.27"]
[SourceQuality "1"]

1. e4 c5 2. Nc3 Nc6 3. d3 e6 4. g3 Nf6 5. Bg2 Be7 6. Nge2 0-0 7. 0-0 h6 8. h3 Re8 9. Be3 d5 10. exd5 exd5 11. d4 cxd4 12. Bxd4 Nxd4 13. Qxd4 Qa5 14. Nf4 Bc5 15. Qd3 d4 16. Nce2 Qb6 17. Rfd1 Rd8 18. c3 g5 19. Ng6 fxg6 20. Qxg6+ Kh8 21. cxd4 Bf8 22. Rac1 Nd5 23. Qh5 Bf5 24. Nc3 Nxc3 25. Rxc3 Qg6 26. Qf3 Rd7 27. Rdc1 Rad8 28. Rc7 Bg7 29. Qxb7 Bxd4 30. R1c6 Qg7 31. g4 Bb6 32. Rxd7 Bxd7 33. Rd6 Qf8 34. Rd2 Be6 35. Rxd8 Qxd8 36. Be4 Qc7 37. Qxc7 Bxc7 38. b3 Kg7 39. Kf1 Kf6 40. Ke2 Ke5 41. Bg2 Kd4 42. Kd2 Ba5+ 43. Ke2 Bd5 44. Bf3 Bxf3+ 45. Kxf3 Kd3 46. a3 Bd2 47. b4 Be1 48. b5 Bd2 49. a4 Be1 50. Kg2 Ke2 51. f3 Ba5 52. Kg3 Ke3 53. Kg2 Bc7 54. h4 Ke2 0-1